Manchester United - kadra w sezonie 2021/22 - Statystyki

Ogólne statystyki
  • Ten quiz został rozwiązany 23 razy
  • Średni wynik to 23 z 35
Statystyki odpowiedzi
Nr Pozycja Narodowość Piłkarz % Poprawnych
2 Obrońca Szwecja  Victor Lindelöf
100%
7 Napastnik Portugalia Cristiano Ronaldo
95%
1 Bramkarz Hiszpania  David de Gea
95%
10 Napastnik Anglia  Marcus Rashford
91%
9 Napastnik Francja  Anthony Martial
86%
18 Pomocnik Portugalia Bruno Fernandes
86%
6 Pomocnik Francja  Paul Pogba
86%
21 Napastnik Urugwaj Edinson Cavani
82%
8 Pomocnik Hiszpania  Juan Mata
82%
19 Obrońca Francja  Raphaël Varane
82%
75 Napastnik Argentyna  Alejandro Garnacho
77%
3 Obrońca WKS  Eric Bailly
77%
5 Obrońca Anglia  Harry Maguire
77%
20 Obrońca Portugalia Diogo Dalot
73%
23 Obrońca Anglia  Luke Shaw
73%
21 Pomocnik Walia  Daniel James
68%
17 Pomocnik Brazylia  Fred
68%
31 Pomocnik Serbia  Nemanja Matić
68%
29 Obrońca Anglia  Aaron Wan-Bissaka
64%
16 Napastnik WKS  Amad Diallo
64%
4 Obrońca Anglia  Phil Jones
64%
36 Napastnik Szwecja  Anthony Elanga
59%
26 Bramkarz Anglia  Dean Henderson
59%
39 Pomocnik Szkocja  Scott McTominay
59%
22 Bramkarz Anglia  Tom Heaton
59%
34 Pomocnik Holandia Donny van de Beek
55%
25 Napastnik Anglia  Jadon Sancho
55%
14 Pomocnik Anglia  Jesse Lingard
55%
46 Pomocnik Tunezja Hannibal Mejbri
50%
11 Napastnik Anglia  Mason Greenwood
50%
27 Obrońca Brazylia  Alex Telles
41%
73 Pomocnik Irak Zidane Iqbal
27%
43 Obrońca Anglia  Teden Mengi
14%
72 Pomocnik Walia  Charlie Savage
9%
47 Napastnik Anglia  Shola Shoretire
9%
Nie znaleziono quizów pasujących do podanych kryteriów
Rozkład punktacji
Procent ludzi z każdym wynikiem
Percentyl według liczby udzielonych odpowiedzi
Twoja historia wyników
Nie rozwiązałeś tego quizu